Statistiche per Film di supereroi con maggiori incassi nella storia del cinema

Clicka qui per fare il quiz!

Statistiche generali

  • Questo quiz è stato fatto 16 volte
  • Il punteggio medio è 9 su 15

Statistiche sulle risposte

Incasso ($)Anno di uscita del filmFilm% Corretto
1 131 927 9962019Spider-Man: Far from Home
93%
1 921 847 1112021Spider-Man: No Way Home
93%
1 402 809 5402015Avengers: Age of Ultron
87%
2 799 439 1002019Avengers: Endgame
87%
2 048 359 7542018Avengers: Infinity War
87%
1 518 815 5152012The Avengers
87%
1 153 337 4962016Captain America: Civil War
73%
1 006 234 1672008Il cavaliere oscuro
67%
1 214 811 2522013Iron Man 3
47%
1 347 597 9732018Black Panther
40%
1 128 462 9722019Captain Marvel
33%
1 078 958 2822019Joker
33%
1 152 028 3932018Aquaman
27%
1 085 067 6372012Il cavaliere oscuro - Il ritorno
27%
1 243 225 6672018Gli Incredibili 2
7%

Distribuzione punteggi

Percentile per numero di risposta

Percentuale di utenti per punteggio

I tuoi punteggi nel tempo

Non hai fatto questo quiz